00603 2200217 4500001002100000005001500021035002000036007000300056008004100059020002200100082001000122084001600132100001400148245007600162250001000238260004200248300003500290650002400325700002400349990001200373INLIS00000000001689920240802033435 a0010-0824000001ta240802 g 0 ind  a978-602-482-098-5 a808.8 a808.8 KEN e0 aKENSRIANA1 a40 Musim Mengabdi di Kota Reyog /cKensriana;editor,Mislinatul Sakdiyah acet.1 aSurabaya :bPustaka Media Guru,c2018 aViii,62 hal. :bilus ;c21 cm. 4aKESUSASTRAAN-CERITA0 aMISLINATUL,Sakdiyah a11964 a